Country Musicians by Hit song - Statistics

General Stats
  • This quiz has been taken 9 times
  • The average score is 3 of 45
Answer Stats
Year Song Musician % Correct
1963 Ring of Fire Johnny Cash
75%
1959 White Lightnin’ George Jones
38%
1959 El Paso Marty Robbins
38%
1951 Kentucky Waltz Bill Monroe
25%
1963 Act Naturally Buck Owens
13%
1956 Blue Suede Shoes Carl Perkins
13%
1965 Waltz Across Texas Ernest Tubb
13%
1949 Foggy Mountain Breakdown Flatt & Scruggs
13%
1953 Your Cheatin’ Heart Hank Williams
13%
1959 The Battle of New Orleans Johnny Horton
13%
1947 Sixteen Tons Merle Travis
13%
1945 Smoke on the Water Bob Wills
0%
1959 Am I That Easy to Forget Carl Belew
0%
1953 Hey Joe Carl Smith
0%
1960 Lonely Weekends Charlie Rich
0%
1958 It’s Only Make Believe Conway Twitty
0%
1948 Bouquet of Roses Eddy Arnold
0%
1961 Hello Walls Faron Young
0%
1960 Wings of a Dove Ferlin Husky
0%
1944 They Took the Stars Out of Heaven Floyd Tillman
0%
1950 I’m Moving On Hank Snow
0%
1952 The Wild Side of Life Hank Thompson
0%
1950 Birmingham Bounce Hardrock Gunter
0%
1953 A Dear John Letter (ft. Ferlin Husky) Jean Shepard
0%
1949 Slippin’ Around Jimmy Wakely
0%
1959 He’ll Have to Go Jim Reeves
0%
1965 Ten Little Bottles Johnny Bond
0%
1961 Heartbreak USA Kitty Wells
0%
1959 Long Black Veil Lefty Frizzell
0%
1966 The Fugitive Merle Haggard
0%
1957 Walkin’ After Midnight Patsy Cline
0%
1948 Tennessee Waltz Pee Wee King
0%
1965 Green, Green Grass of Home Porter Wagoner
0%
1956 Crazy Arms Ray Price
0%
1956 Crazy Arms Ray Price
0%
1950 Chattanoogie Shoe Shine Boy Red Foley
0%
1963 The End of the World Skeeter Davis
0%
1952 Don’t Let the Stars Get in Your Eyes Skeets McDonald
0%
1945 Shame on You Spade Cooley
0%
1959 Waterloo Stonewall Jackson
0%
1950 The Shot Gun Boogie Tennessee Ernie Ford
0%
1952 The Ballad of High Noon Tex Ritter
0%
1961 Right or Wrong Wanda Jackson
0%
1955 In the Jailhouse Now Webb Pierce
0%
1963 Half a Man Willie Nelson
0%
No matching quizzes found
Score Distribution
Percent of People with Each Score
Percentile by Number Answered
Your Score History
You have not taken this quiz